000 01110cam a22002054a 4500
005 20250605164039.0
008 250528s ||||||||||||||||||||||||d
035 _a16928
020 _a582369738
040 _aGR-AtMCL
_bgre
_dGR-AtMCL
_eAACR2
245 1 _aBiological Psychology / An Integrative Approach
250 _a1st
260 _bPrentice Hall,
_c2001
300 _a652
520 _aA comprehensive and engaging introduction to the biological bases of experience and behavior. Introduction, Integrating Explanations, Coordinated Action: Integrating Systems, Neurons: A Closer Look, The Brain: Basics of Structure and Role, Development, Sensory Systems: General Principles, Vision, The Other Sensory Systems, The Control of Movement, Learning and Memory, Firm Reflexes to Goals, Emotion, Stress and Coping, Pain, Motivation, Feeding and Drinking, Sexual Behavior, Psychoactive Drugs, Sleep and Walking, Cognition, Brains and Minds and Consciousness, Integration: Understanding How Things Can Go Wrong.
700 1 _aToates Frederick
_93030
942 _cBK
999 _c2373
_d2373